| 000 | 00678nam a2200205 a 4500 | ||
|---|---|---|---|
| 001 | BRCA_2289 | ||
| 005 | 20190320203738.0 | ||
| 008 | 840905s1946 it-a---###---#000-0#ita-# | ||
| 040 |
_aDLC _cCarP _dDLC |
||
| 050 | 4 |
_aBX1545 _b.C37 1946 |
|
| 100 | 1 |
_aCastelli, Giulio _96854 |
|
| 245 | 1 | 0 |
_aIl Vaticano _cGiulio Castelli. |
| 260 |
_aRoma _bDonatello de Luigi _c1946 |
||
| 300 |
_a1 v. (sin paginación) _bil. (algunas a color) _c33 cm. |
||
| 546 | _aTexto en : italiano, francés, inglés, alemán y español | ||
| 610 | 2 | 4 |
_aIglesia catolica _xRelaciones exteriores _zItalia _96855 |
| 650 | 1 | 4 |
_aIglesia y estado _zItalia _96856 |
| 650 | 1 | 4 |
_aFascismo _zItalia _96857 |
| 942 |
_2lcc _cB |
||
| 999 |
_c2034 _d2034 |
||